Statistiken für Bundesliga TOP 50: Ausländische Spieler der VfB Stuttgart

Klicken Sie hier um das Quiz zu spielen!

Allgemein

  • Dieses Quiz wurde 88 mal gespielt
  • Das Durchschnittsergebnis liegt bei 19 aus 51

Antwortstatistiken

Nr.NationSpieleZeitraumPositionSpieler% Korrekt
2BUL2361995 - 2003MFKrasimir Balakov
74%
33CRO782018 - 2022VBorna Sosa
73%
6BLR1642000 - 2005
2009 - 2010
MFAljaksandr Hleb
70%
32JPN802019 - 2022VWataru Endō
69%
27BRA871994 - 1997STGiovane Élber
66%
4POR1732002 - 2008VFernando Meira
64%
4AUT1732010 - 2016STMartin Harnik
63%
41GRE652020 - 2022VKonstantinos Mavropanos
60%
29BIH862012 - 2015STVedad Ibišević
57%
8CIV1542006 - 2014VArthur Boka
56%
17SUI1042005 - 2009VLudovic Magnin
56%
1CRO3011996 - 2006MFZvonimir Soldo
54%
23ROU922007 - 2011STCiprian Marica
53%
7FRA1622004 - 2012VMatthieu Delpierre
53%
36MEX722006 - 2008MFPável Pardo
53%
24ROU912013 - 2017MFAlexandru Maxim
50%
35MEX732006 - 2010VRicardo Osorio
50%
21SRB962009 - 2013MFZdravko Kuzmanović
50%
44FRA632016 - 2019VBenjamin Pavard
49%
44JPN632011 - 2013STShinji Okazaki
49%
27JPN872012 - 2015VGōtoku Sakai
47%
10BRA1291999 - 2004VMarcelo Bordon
44%
36BEL722017 - 2022MFOrel Mangala
43%
46SRB592014 - 2016MFFilip Kostić
40%
34GUI752011 - 2014MFIbrahima Traoré
37%
22ITA932010 - 2014VCristian Molinaro
34%
38DEN682011 - 2014MFWilliam Kvist
34%
42NED642008 - 2012VKhalid Boulahrouz
33%
48HUN582011 - 2013MFTamás Hajnal
31%
30ARG852015 - 2019VEmiliano Insúa
30%
50AUT562014 - 2017VFlorian Klein
30%
3ISL1941982 - 1990MFÁsgeir Sigurvinsson
29%
15ROU1071999 - 2003STIoan Viorel Ganea
29%
50ARG562017 - 2019MFSantiago Ascacíbar
29%
17NED1041995 - 1999VFrank Verlaat
26%
38RUS682009 - 2012STPavel Pogrebnjak
26%
11AUT1181996 - 2000TWFranz Wohlfahrt
24%
14HUN1091997 - 2001MFKrisztián Lisztes
20%
25GUI891998 - 2001VPablo Thiam
19%
13ISL1101990 - 1994MFEyjólfur Sverrisson
16%
48NGR581997 - 1999STJonathan Akpoborie
16%
20AUT971971 - 1975MFJohann Ettmayer
14%
31RSA821998 - 2003MFBradley Carnell
13%
9FRA1491966 - 1970MFGilbert Gress
10%
46FRA591981 - 1983STDidier Six
9%
16CRO1061975 - 1981VDragan Holcer
6%
19AUT991977 - 1981MFRoland Hattenberger
6%
12SRB1161991 - 1995VSlobodan Dubajić
6%
42SWE641969 - 1971MFJan Olsson
4%
26SWE881966 - 1969MFBo Larsson
3%
40SRB661996 - 2001MFKristijan Đorđević
1%

Verteilung der Resultate

Perzentil nach korrekt beantworteten Fragen

Anzahl Personen mit jedem Resultat

Ihre Resultats-Entwicklung

Sie haben dieses Quiz noch nicht gespielt